|
|
|
|
| LEADER |
00000nam0a2200000 4500 |
| 001 |
10632 |
| 005 |
20231030183117.0 |
| 010 |
|
|
|a 5858800890
|
| 035 |
|
|
|a (RuTPU)RU\TPU\book\10695
|
| 035 |
|
|
|a BOOK00010761
|
| 090 |
|
|
|a 10632
|
| 100 |
|
|
|a 20011209d1995 km y0rusy50 ca
|
| 101 |
1 |
|
|a rus
|c fre
|
| 102 |
|
|
|a RU
|
| 105 |
|
|
|a y z 000zy
|
| 200 |
0 |
|
|a Т. 2 : 1814-1878 гг.
|
| 210 |
|
|
|d 1995
|
| 215 |
|
|
|a 603 с.
|
| 461 |
|
|
|t Дипломатическая история Европы
|o Пер. с фр.
|v Т. 2 : 1814-1878 гг.
|f А. Дебидур
|d 1995
|
| 610 |
1 |
|
|a история
|
| 610 |
1 |
|
|a дипломатия
|
| 610 |
1 |
|
|a Европа
|
| 610 |
1 |
|
|a 19 век
|
| 610 |
1 |
|
|a священный союз
|
| 610 |
1 |
|
|a Франция
|
| 610 |
1 |
|
|a Германия
|
| 610 |
1 |
|
|a Англия
|
| 686 |
|
|
|a Т3(4)5
|v LBC/SL-A
|2 rubbk
|
| 686 |
|
|
|a Ф49г
|v LBC/SL-A
|2 rubbk
|
| 801 |
|
0 |
|a RU
|b 63413507
|c 20011209
|g PSBO
|
| 801 |
|
2 |
|a RU
|b 63413507
|c 20130425
|g PSBO
|
| 942 |
|
|
|c BK
|